[Event "SportAccord MindGames Final Tournament"]
[Site "playchess.com #044013"]
[Date "2011.10.29"]
[Round "2"]
[White "DirtyJoker"]
[Black "Lord Shiva"]
[Result "0-1"]
[WhiteElo "2600"]
[BlackElo "2632"]
[PlyCount "118"]
[EventDate "2011.10.29"]
[EventType "tourn (blitz)"]

1. d4 {[%emt 0:00:02]} Nf6 {[%emt 0:00:02]} 2. c4 {[%emt 0:00:02]} e6 {[%emt 0:
00:01]} 3. g3 {[%emt 0:00:01]} Bb4+ {[%emt 0:00:01]} 4. Bd2 {[%emt 0:00:01]}
Qe7 {[%emt 0:00:01]} 5. Nf3 {[%emt 0:00:03]} O-O {[%emt 0:00:03]} 6. Bg2 {
[%emt 0:00:02]} Ne4 {[%emt 0:00:05]} 7. O-O {[%emt 0:00:17]} Bxd2 {[%emt 0:00:
01]} 8. Nbxd2 {[%emt 0:00:01]} Nxd2 {[%emt 0:00:01]} 9. Qxd2 {[%emt 0:00:01]}
d6 {[%emt 0:00:02]} 10. Qe3 {[%emt 0:00:08]} Nc6 {[%emt 0:00:04]} 11. Qa3 {
[%emt 0:00:08]} a5 {[%emt 0:00:10]} 12. Rfd1 {[%emt 0:00:09]} e5 {[%emt 0:00:
03]} 13. dxe5 {[%emt 0:00:03]} Nxe5 {[%emt 0:00:02]} 14. Nxe5 {[%emt 0:00:01]}
Qxe5 {[%emt 0:00:01]} 15. b4 {[%emt 0:00:02]} Be6 {[%emt 0:00:03]} 16. Bxb7 {
[%emt 0:00:19]} Rab8 {[%emt 0:00:07]} 17. Bd5 {[%emt 0:00:04]} Bxd5 {[%emt 0:
00:04]} 18. cxd5 {[%emt 0:00:01]} Rxb4 {[%emt 0:00:10]} 19. Qxa5 {[%emt 0:00:
03]} Rb2 {[%emt 0:00:02]} 20. Qxc7 {[%emt 0:00:19]} Qxe2 {[%emt 0:00:30]} 21.
Qa7 {[%emt 0:00:01]} h6 {[%emt 0:00:10]} 22. Re1 {[%emt 0:00:04]} Qf3 {[%emt 0:
00:05]} 23. Rad1 {[%emt 0:00:04]} Rc8 {[%emt 0:00:03] Lord Shiva offers a draw}
24. Rc1 {[%emt 0:00:32]} Rxc1 {[%emt 0:00:18]} 25. Rxc1 {[%emt 0:00:01]} Qxd5 {
[%emt 0:00:01]} 26. a4 {[%emt 0:00:01]} Ra2 {[%emt 0:00:05]} 27. Qb8+ {[%emt 0:
00:12]} Kh7 {[%emt 0:00:06]} 28. Qb1+ {[%emt 0:00:02]} g6 {[%emt 0:00:07]} 29.
Rd1 {[%emt 0:00:01]} Qe6 {[%emt 0:00:37]} 30. Rxd6 {[%emt 0:00:10]} Qe2 {[%emt
0:00:01]} 31. Rf6 {[%emt 0:00:03]} Kg7 {[%emt 0:00:10]} 32. Rf4 {[%emt 0:00:10]
} g5 {[%emt 0:00:01]} 33. Rf3 {[%emt 0:00:07]} Rd2 {[%emt 0:00:09]} 34. Rxf7+ {
[%emt 0:00:40]} Kxf7 {[%emt 0:00:02]} 35. Qh7+ {[%emt 0:00:01]} Kf6 {[%emt 0:
00:08]} 36. Qxh6+ {[%emt 0:00:01]} Kf5 {[%emt 0:00:00]} 37. Qh7+ {[%emt 0:00:
01]} Ke5 {[%emt 0:00:01]} 38. Qe7+ {[%emt 0:00:01]} Kd4 {[%emt 0:00:02]} 39.
Qb4+ {[%emt 0:00:02]} Kd5 {[%emt 0:00:06]} 40. Qb7+ {[%emt 0:00:01]} Kc4 {
[%emt 0:00:01]} 41. Qb5+ {[%emt 0:00:02]} Kc3 {[%emt 0:00:01]} 42. Qc5+ {[%emt
0:00:03]} Kb2 {[%emt 0:00:03]} 43. Qb4+ {[%emt 0:00:02]} Kc1 {[%emt 0:00:02]}
44. Qc3+ {[%emt 0:00:03]} Kb1 {[%emt 0:00:07]} 45. Qb4+ {[%emt 0:00:07]} Rb2 {
[%emt 0:00:01]} 46. Qc5 {[%emt 0:00:01]} g4 {[%emt 0:00:06]} 47. a5 {[%emt 0:
00:02]} Ka2 {[%emt 0:00:10]} 48. Qd5+ {[%emt 0:00:01]} Ka1 {[%emt 0:00:01]} 49.
Qd4 {[%emt 0:00:03]} Ka2 {[%emt 0:00:01]} 50. Qa4+ {[%emt 0:00:01]} Kb1 {[%emt
0:00:02]} 51. Qd4 {[%emt 0:00:01] DirtyJoker offers a draw} Ka1 {[%emt 0:00:16]
'} 52. Qa4+ {[%emt 0:00:01]} Kb1 {[%emt 0:00:01]} 53. Qd4 {[%emt 0:00:01]} Rc2
{[%emt 0:00:01]} 54. Qb4+ {[%emt 0:00:02]} Kc1 {[%emt 0:00:01]} 55. Qf4+ {
[%emt 0:00:02]} Kd1 {[%emt 0:00:01]} 56. Qd4+ {[%emt 0:00:07]} Qd2 {[%emt 0:00:
01]} 57. Qb6 {[%emt 0:00:03]} Rc1 {[%emt 0:00:01]} 58. Kg2 {[%emt 0:00:02]}
Qd5+ {[%emt 0:00:01]} 59. Kf1 {[%emt 0:00:05]} Kd2# {[%emt 0:00:01]} 0-1

[Event "SportAccord MindGames Final Tournament"]
[Site "playchess.com #044013"]
[Date "2011.10.29"]
[Round "2"]
[White "Itachi"]
[Black "Vlad_Artemiev"]
[Result "0-1"]
[WhiteElo "2666"]
[BlackElo "2892"]
[PlyCount "136"]
[EventDate "2011.10.29"]
[EventType "tourn (blitz)"]

1. e4 {[%emt 0:00:02]} c5 {[%emt 0:00:01]} 2. Nf3 {[%emt 0:00:02]} d6 {[%emt 0:
00:01]} 3. d4 {[%emt 0:00:01]} cxd4 {[%emt 0:00:00]} 4. Nxd4 {[%emt 0:00:00]}
Nf6 {[%emt 0:00:01]} 5. Nc3 {[%emt 0:00:01]} a6 {[%emt 0:00:01]} 6. Be3 {[%emt
0:00:01]} e6 {[%emt 0:00:02]} 7. f3 {[%emt 0:00:02]} b5 {[%emt 0:00:02]} 8. Qd2
{[%emt 0:00:02]} Nbd7 {[%emt 0:00:02]} 9. O-O-O {[%emt 0:00:03]} Nb6 {[%emt 0:
00:02]} 10. Bd3 {[%emt 0:00:19]} Bb7 {[%emt 0:00:03]} 11. g4 {[%emt 0:00:20]}
Nfd7 {[%emt 0:00:06]} 12. Qf2 {[%emt 0:00:01]} Rc8 {[%emt 0:00:02]} 13. Nce2 {
[%emt 0:00:05]} Nc5 {[%emt 0:00:02]} 14. Kb1 {[%emt 0:00:06]} Nba4 {[%emt 0:00:
01]} 15. Bc1 {[%emt 0:00:03]} Nxd3 {[%emt 0:00:07]} 16. Rxd3 {[%emt 0:00:13]}
Qc7 {[%emt 0:00:03]} 17. c3 {[%emt 0:00:16]} d5 {[%emt 0:00:13]} 18. exd5 {
[%emt 0:00:17]} Bxd5 {[%emt 0:00:01]} 19. Nf4 {[%emt 0:00:01]} Bc4 {[%emt 0:00:
07]} 20. Rdd1 {[%emt 0:00:06]} Bd6 {[%emt 0:00:19]} 21. Nh5 {[%emt 0:00:09]}
O-O {[%emt 0:00:02]} 22. Qe3 {[%emt 0:00:08]} Be5 {[%emt 0:00:21]} 23. f4 {
[%emt 0:00:01]} Bxd4 {[%emt 0:00:07]} 24. Rxd4 {[%emt 0:00:00]} Bd5 {[%emt 0:
00:22]} 25. Rhd1 {[%emt 0:00:06] Itachi offers a draw} f5 {[%emt 0:00:14]} 26.
gxf5 {[%emt 0:00:28]} Rxf5 {[%emt 0:00:09]} 27. Ng3 {[%emt 0:00:01]} Rff8 {
[%emt 0:00:16]} 28. f5 {[%emt 0:00:01]} Rce8 {[%emt 0:00:02]} 29. Qg5 {[%emt 0:
00:21]} Qf7 {[%emt 0:00:23]} 30. Nh5 {[%emt 0:00:17]} Qxf5+ {[%emt 0:00:06]}
31. Qxf5 {[%emt 0:00:01]} Rxf5 {[%emt 0:00:00]} 32. Ng3 {[%emt 0:00:01]} Rf2 {
[%emt 0:00:08]} 33. R4d2 {[%emt 0:00:05]} Rf3 {[%emt 0:00:05]} 34. Re1 {[%emt
0:00:07]} Ref8 {[%emt 0:00:04]} 35. Rde2 {[%emt 0:00:10]} Nc5 {[%emt 0:00:07]}
36. Be3 {[%emt 0:00:05]} Nd3 {[%emt 0:00:12]} 37. Rd1 {[%emt 0:00:01]} Ne5 {
[%emt 0:00:13]} 38. Bc5 {[%emt 0:00:05]} R8f5 {[%emt 0:00:07]} 39. Nxf5 {[%emt
0:00:02]} Rxf5 {[%emt 0:00:00]} 40. Rde1 {[%emt 0:00:00]} Nd3 {[%emt 0:00:03]}
41. Bd4 {[%emt 0:00:01]} Nxe1 {[%emt 0:00:01]} 42. Rxe1 {[%emt 0:00:00]} Kf7 {
[%emt 0:00:01]} 43. a4 {[%emt 0:00:01]} bxa4 {[%emt 0:00:02]} 44. Rg1 {[%emt 0:
00:01]} g5 {[%emt 0:00:02]} 45. Kc2 {[%emt 0:00:02]} h5 {[%emt 0:00:01]} 46.
Kd3 {[%emt 0:00:01]} Rf3+ {[%emt 0:00:01]} 47. Ke2 {[%emt 0:00:02]} g4 {[%emt
0:00:01]} 48. c4 {[%emt 0:00:02]} Bxc4+ {[%emt 0:00:01]} 49. Kd2 {[%emt 0:00:
02]} Rd3+ {[%emt 0:00:01]} 50. Kc2 {[%emt 0:00:01]} Rxd4 {[%emt 0:00:00]} 51.
Kc3 {[%emt 0:00:00]} Rf4 {[%emt 0:00:01]} 52. Rd1 {[%emt 0:00:02]} Bb5 {[%emt
0:00:01]} 53. Re1 {[%emt 0:00:06]} Rf3+ {[%emt 0:00:01]} 54. Kd4 {[%emt 0:00:
02]} Ke7 {[%emt 0:00:02]} 55. Kc5 {[%emt 0:00:01]} Rb3 {[%emt 0:00:02]} 56. Re4
{[%emt 0:00:06]} Rxb2 {[%emt 0:00:01]} 57. Re5 {[%emt 0:00:00]} a3 {[%emt 0:00:
01]} 58. Rxh5 {[%emt 0:00:01]} a2 {[%emt 0:00:01]} 59. Rh7+ {[%emt 0:00:11]}
Kf6 {[%emt 0:00:01]} 60. Rh6+ {[%emt 0:00:04]} Kg5 {[%emt 0:00:01]} 61. Rh7 {
[%emt 0:00:01]} a1=Q {[%emt 0:00:02]} 62. Rg7+ {[%emt 0:00:01]} Kf6 {[%emt 0:
00:00]} 63. Rh7 {[%emt 0:00:01]} Qa3+ {[%emt 0:00:01]} 64. Kb6 {[%emt 0:00:01]}
Bf1+ {[%emt 0:00:01]} 65. Ka7 {[%emt 0:00:01]} Qc5+ {[%emt 0:00:01]} 66. Ka8 {
[%emt 0:00:00]} Bg2+ {[%emt 0:00:02]} 67. Rb7 {[%emt 0:00:03]} Qc8+ {[%emt 0:
00:03]} 68. Ka7 {[%emt 0:00:02]} Qxb7# {[%emt 0:00:00]} 0-1

[Event "SportAccord MindGames Final Tournament"]
[Site "playchess.com #044013"]
[Date "2011.10.29"]
[Round "2"]
[White "Sourisblanche"]
[Black "ChennaiKramnik"]
[Result "1-0"]
[WhiteElo "2623"]
[BlackElo "2552"]
[PlyCount "72"]
[EventDate "2011.10.29"]
[EventType "tourn (blitz)"]

1. e4 {[%emt 0:00:02]} e5 {[%emt 0:00:01]} 2. Nf3 {[%emt 0:00:02]} Nc6 {[%emt
0:00:01]} 3. Bb5 {[%emt 0:00:01]} f5 {[%emt 0:00:00]} 4. Nc3 {[%emt 0:00:02]
ChennaiKramnik reconnected.} fxe4 {[%emt 0:00:03]} 5. Nxe4 {[%emt 0:00:03]} d5
{[%emt 0:00:02]} 6. Nxe5 {[%emt 0:00:01]} dxe4 {[%emt 0:00:03]} 7. Nxc6 {[%emt
0:00:18] ChennaiKramnik reconnected.} Qg5 {[%emt 0:00:02]} 8. Qe2 {[%emt 0:00:
04] Sourisblanche réclame le gain suite à déconnexion ChennaiKramnik
reconnected.} Nf6 {[%emt 0:00:03]} 9. f4 {[%emt 0:00:05]} Qxf4 {[%emt 0:00:04]}
10. Ne5+ {[%emt 0:00:05]} c6 {[%emt 0:00:14]} 11. d4 {[%emt 0:00:02]} Qh4+ {
[%emt 0:00:06]} 12. g3 {[%emt 0:00:02]} Qh3 {[%emt 0:00:01]} 13. Bc4 {[%emt 0:
00:01]} Be6 {[%emt 0:00:03]} 14. Bg5 {[%emt 0:00:07]} O-O-O {[%emt 0:00:05]}
15. O-O-O {[%emt 0:00:02]} Bd6 {[%emt 0:00:15]} 16. Bxe6+ {[%emt 0:00:07]} Qxe6
{[%emt 0:00:02]} 17. Nc4 {[%emt 0:00:01]} Bc7 {[%emt 0:00:12]} 18. Kb1 {[%emt
0:00:01]} Rhe8 {[%emt 0:00:03]} 19. Rhf1 {[%emt 0:00:02]} Rd5 {[%emt 0:00:04]}
20. Bxf6 {[%emt 0:00:03]} gxf6 {[%emt 0:00:01]} 21. Ne3 {[%emt 0:00:01]} Ra5 {
[%emt 0:00:02]} 22. c4 {[%emt 0:00:02]} Kb8 {[%emt 0:00:08]} 23. d5 {[%emt 0:
00:02]} cxd5 {[%emt 0:00:05]} 24. cxd5 {[%emt 0:00:02]} Qd7 {[%emt 0:00:08]}
25. d6 {[%emt 0:00:18]} Bxd6 {[%emt 0:00:13]} 26. Nc4 {[%emt 0:00:01]} Ra6 {
[%emt 0:00:05]} 27. Rxf6 {[%emt 0:00:02]} Qa4 {[%emt 0:00:10]} 28. b3 {[%emt 0:
00:07]} Qb5 {[%emt 0:00:06]} 29. Rfxd6 {[%emt 0:00:04]} Rxd6 {[%emt 0:00:04]}
30. Rxd6 {[%emt 0:00:02]} e3 {[%emt 0:00:00]} 31. Qd3 {[%emt 0:00:07]
ChennaiKramnik reconnected.} Qg5 {[%emt 0:00:04]} 32. Nxe3 {[%emt 0:00:06]} a6
{[%emt 0:00:36]} 33. Nc2 {[%emt 0:00:05]} Qa5 {[%emt 0:00:07]} 34. Qd2 {[%emt
0:00:10]} Qc7 {[%emt 0:00:05]} 35. Rd7 {[%emt 0:00:02]} Qb6 {[%emt 0:00:01]}
36. Qd6+ {[%emt 0:00:02]} Qxd6 {[%emt 0:00:02] ChennaiKramnik resigns} 1-0

[Event "SportAccord MindGames Final Tournament"]
[Site "playchess.com #044013"]
[Date "2011.10.29"]
[Round "3"]
[White "Lord Shiva"]
[Black "LAXMAN"]
[Result "1-0"]
[WhiteElo "2663"]
[BlackElo "2679"]
[PlyCount "83"]
[EventDate "2011.10.29"]
[EventType "tourn (blitz)"]

1. Nf3 {[%emt 0:00:02]} Nf6 {[%emt 0:00:01] Lord Shiva offers a draw} 2. g3 {
[%emt 0:00:01]} d5 {[%emt 0:00:01]} 3. Bg2 {[%emt 0:00:01]} g6 {[%emt 0:00:02]}
4. O-O {[%emt 0:00:01]} Bg7 {[%emt 0:00:01]} 5. d4 {[%emt 0:00:01]} O-O {[%emt
0:00:00]} 6. c3 {[%emt 0:00:01]} Nc6 {[%emt 0:00:02]} 7. Nbd2 {[%emt 0:00:01]}
a5 {[%emt 0:00:07]} 8. Re1 {[%emt 0:00:01]} Bf5 {[%emt 0:00:03]} 9. Nf1 {[%emt
0:00:01]} a4 {[%emt 0:00:01]} 10. Bf4 {[%emt 0:00:04]} Ne4 {[%emt 0:00:07]} 11.
Ne3 {[%emt 0:00:02]} a3 {[%emt 0:00:07]} 12. Qc1 {[%emt 0:00:17]} axb2 {[%emt
0:00:06]} 13. Qxb2 {[%emt 0:00:01]} Na5 {[%emt 0:00:04]} 14. Nxf5 {[%emt 0:00:
07]} gxf5 {[%emt 0:00:01]} 15. Nd2 {[%emt 0:00:01]} c6 {[%emt 0:00:08]} 16. f3
{[%emt 0:00:07]} Nd6 {[%emt 0:00:06]} 17. Bxd6 {[%emt 0:00:05]} exd6 {[%emt 0:
00:01]} 18. e4 {[%emt 0:00:01]} fxe4 {[%emt 0:00:04]} 19. fxe4 {[%emt 0:00:01]}
dxe4 {[%emt 0:00:00]} 20. Bxe4 {[%emt 0:00:01]} f5 {[%emt 0:00:05]} 21. Bd3 {
[%emt 0:00:03]} f4 {[%emt 0:00:10]} 22. Qc2 {[%emt 0:00:02]} h6 {[%emt 0:00:13]
} 23. Ne4 {[%emt 0:00:08]} d5 {[%emt 0:00:08]} 24. Nc5 {[%emt 0:00:03]} fxg3 {
[%emt 0:00:01]} 25. hxg3 {[%emt 0:00:13]} Qd6 {[%emt 0:00:22]} 26. Kg2 {[%emt
0:00:11]} Rae8 {[%emt 0:00:10]} 27. Bg6 {[%emt 0:00:28]} Re7 {[%emt 0:00:20]}
28. Bf5 {[%emt 0:00:19]} Nc4 {[%emt 0:00:08]} 29. Qd3 {[%emt 0:00:16]} Rf6 {
[%emt 0:00:17]} 30. g4 {[%emt 0:00:02]} b6 {[%emt 0:00:24]} 31. Ne4 {[%emt 0:
00:19]} dxe4 {[%emt 0:00:01]} 32. Qxc4+ {[%emt 0:00:02]} Kh8 {[%emt 0:00:01]}
33. Re3 {[%emt 0:00:03]} Qf4 {[%emt 0:00:07]} 34. Rae1 {[%emt 0:00:01]} h5 {
[%emt 0:00:08]} 35. Rh3 {[%emt 0:00:16]} Rh6 {[%emt 0:00:08]} 36. Qa6 {[%emt 0:
00:11]} Re8 {[%emt 0:00:06]} 37. Rxe4 {[%emt 0:00:20]} Qd2+ {[%emt 0:00:04]}
38. Kg1 {[%emt 0:00:01]} Qd1+ {[%emt 0:00:08]} 39. Kg2 {[%emt 0:00:04] Lord
Shiva offers a draw} Qd2+ {[%emt 0:00:05]} 40. Kg1 {[%emt 0:00:03]} Qd1+ {
[%emt 0:00:05]} 41. Qf1 {[%emt 0:00:07]} Qd2 {[%emt 0:00:03]} 42. Rxe8+ {[%emt
0:00:02] LAXMAN resigns} 1-0

[Event "SportAccord MindGames Final Tournament"]
[Site "playchess.com #044013"]
[Date "2011.10.29"]
[Round "3"]
[White "Crg"]
[Black "Sourisblanche"]
[Result "1/2-1/2"]
[WhiteElo "2590"]
[BlackElo "2636"]
[PlyCount "103"]
[EventDate "2011.10.29"]
[EventType "tourn (blitz)"]

1. d4 {[%emt 0:00:01]} d5 {[%emt 0:00:01]} 2. c4 {[%emt 0:00:01]} c6 {[%emt 0:
00:01]} 3. Nf3 {[%emt 0:00:01]} Nf6 {[%emt 0:00:04]} 4. e3 {[%emt 0:00:01]} Bf5
{[%emt 0:00:02]} 5. Qb3 {[%emt 0:00:02]} Qb6 {[%emt 0:00:06]} 6. Nc3 {[%emt 0:
00:01]} e6 {[%emt 0:00:02]} 7. Nh4 {[%emt 0:00:02]} Bg6 {[%emt 0:00:01]} 8.
Nxg6 {[%emt 0:00:06]} hxg6 {[%emt 0:00:01]} 9. Bd2 {[%emt 0:00:01]} Nbd7 {
[%emt 0:00:02]} 10. Be2 {[%emt 0:00:20]} Be7 {[%emt 0:00:02]} 11. Qc2 {[%emt 0:
00:06]} O-O {[%emt 0:00:06]} 12. h4 {[%emt 0:00:01]} dxc4 {[%emt 0:00:03]} 13.
h5 {[%emt 0:00:05]} g5 {[%emt 0:00:22]} 14. Bxc4 {[%emt 0:00:08]} c5 {[%emt 0:
00:03]} 15. d5 {[%emt 0:00:04]} Ne5 {[%emt 0:00:08]} 16. Na4 {[%emt 0:00:49]}
Qd6 {[%emt 0:00:26]} 17. dxe6 {[%emt 0:00:01]} Nxc4 {[%emt 0:00:02]} 18. Qxc4 {
[%emt 0:00:00]} Qxe6 {[%emt 0:00:09]} 19. Qxe6 {[%emt 0:00:10]} fxe6 {[%emt 0:
00:01]} 20. f3 {[%emt 0:00:05]} b5 {[%emt 0:00:03]} 21. Nc3 {[%emt 0:00:01]} b4
{[%emt 0:00:01]} 22. Na4 {[%emt 0:00:05]} c4 {[%emt 0:00:02]} 23. Rc1 {[%emt 0:
00:13]} Rac8 {[%emt 0:00:03]} 24. h6 {[%emt 0:00:07]} gxh6 {[%emt 0:00:10]} 25.
Rxh6 {[%emt 0:00:01]} Kg7 {[%emt 0:00:01]} 26. Rh1 {[%emt 0:00:04]} Nd5 {[%emt
0:00:03]} 27. Ke2 {[%emt 0:00:06]} Bf6 {[%emt 0:00:04]} 28. g3 {[%emt 0:00:14]}
c3 {[%emt 0:00:05]} 29. bxc3 {[%emt 0:00:02]} bxc3 {[%emt 0:00:02]} 30. Be1 {
[%emt 0:00:01]} Rc4 {[%emt 0:00:01]} 31. e4 {[%emt 0:00:10]} Rxa4 {[%emt 0:00:
03]} 32. exd5 {[%emt 0:00:02]} Rxa2+ {[%emt 0:00:10]} 33. Kd3 {[%emt 0:00:30]}
exd5 {[%emt 0:00:09]} 34. Bxc3 {[%emt 0:00:01]} Bxc3 {[%emt 0:00:02]} 35. Kxc3
{[%emt 0:00:02] Crg offers a draw} Rxf3+ {[%emt 0:00:24]} 36. Kd4 {[%emt 0:00:
01]} Rxg3 {[%emt 0:00:05]} 37. Rc7+ {[%emt 0:00:03]} Kg6 {[%emt 0:00:01]} 38.
Rc6+ {[%emt 0:00:02]} Kf5 {[%emt 0:00:02]} 39. Rf1+ {[%emt 0:00:01]} Kg4 {
[%emt 0:00:02]} 40. Kxd5 {[%emt 0:00:00]} Rd2+ {[%emt 0:00:07]} 41. Ke5 {[%emt
0:00:01]} Re3+ {[%emt 0:00:23]} 42. Kf6 {[%emt 0:00:02]} Rf3+ {[%emt 0:00:01]}
43. Rxf3 {[%emt 0:00:01]} Kxf3 {[%emt 0:00:01]} 44. Kxg5 {[%emt 0:00:01] Crg
offers a draw} a5 {[%emt 0:00:04]} 45. Kf5 {[%emt 0:00:13]} a4 {[%emt 0:00:08]}
46. Rc3+ {[%emt 0:00:05]} Ke2 {[%emt 0:00:01]} 47. Ke4 {[%emt 0:00:06]} Rb2 {
[%emt 0:00:07]} 48. Kd4 {[%emt 0:00:05]} Rb4+ {[%emt 0:00:18] '} 49. Rc4 {
[%emt 0:00:06]} Rxc4+ {[%emt 0:00:05]} 50. Kxc4 {[%emt 0:00:00]} a3 {[%emt 0:
00:01]} 51. Kb3 {[%emt 0:00:01]} a2 {[%emt 0:00:00]} 52. Kxa2 {[%emt 0:00:01]}
1/2-1/2

[Event "SportAccord MindGames Final Tournament"]
[Site "playchess.com #044013"]
[Date "2011.10.29"]
[Round "3"]
[White "Beca King"]
[Black "Itachi"]
[Result "1-0"]
[WhiteElo "2632"]
[BlackElo "2659"]
[PlyCount "159"]
[EventDate "2011.10.29"]
[EventType "tourn (blitz)"]

1. d4 {[%emt 0:00:00]} d5 {[%emt 0:00:01]} 2. c4 {[%emt 0:00:01]} dxc4 {[%emt
0:00:01]} 3. Nf3 {[%emt 0:00:02]} Nf6 {[%emt 0:00:01]} 4. e3 {[%emt 0:00:01]}
e6 {[%emt 0:00:01]} 5. Bxc4 {[%emt 0:00:01]} c5 {[%emt 0:00:01]} 6. O-O {[%emt
0:00:01]} Nc6 {[%emt 0:00:01]} 7. Qe2 {[%emt 0:00:01]} Be7 {[%emt 0:00:01]} 8.
Rd1 {[%emt 0:00:01]} cxd4 {[%emt 0:00:01]} 9. exd4 {[%emt 0:00:01]} O-O {[%emt
0:00:02]} 10. Nc3 {[%emt 0:00:01]} Na5 {[%emt 0:00:03]} 11. Bd3 {[%emt 0:00:02]
} b6 {[%emt 0:00:01]} 12. Bg5 {[%emt 0:00:05]} Bb7 {[%emt 0:00:04]} 13. Ne5 {
[%emt 0:00:19]} Nd5 {[%emt 0:00:12]} 14. Bxe7 {[%emt 0:00:02]} Qxe7 {[%emt 0:
00:01]} 15. Qh5 {[%emt 0:00:18]} g6 {[%emt 0:00:02]} 16. Qh6 {[%emt 0:00:01]}
Rad8 {[%emt 0:00:19]} 17. Ng4 {[%emt 0:00:13]} Nc6 {[%emt 0:00:20]} 18. Nxd5 {
[%emt 0:00:13]} Rxd5 {[%emt 0:00:02]} 19. Be4 {[%emt 0:00:01]} Rh5 {[%emt 0:00:
22]} 20. Qe3 {[%emt 0:00:07]} f5 {[%emt 0:00:08]} 21. Bxc6 {[%emt 0:00:01]}
Bxc6 {[%emt 0:00:01]} 22. Ne5 {[%emt 0:00:03]} Bd5 {[%emt 0:00:02]} 23. f4 {
[%emt 0:00:03]} g5 {[%emt 0:00:04]} 24. Rf1 {[%emt 0:00:08]} Kh8 {[%emt 0:00:
39]} 25. Rac1 {[%emt 0:00:02]} Rg8 {[%emt 0:00:02]} 26. g3 {[%emt 0:00:01]}
gxf4 {[%emt 0:00:05]} 27. Qxf4 {[%emt 0:00:07]} Rhg5 {[%emt 0:00:25]} 28. Rc7 {
[%emt 0:00:02]} Qxc7 {[%emt 0:00:11]} 29. Ng6+ {[%emt 0:00:01]} hxg6 {[%emt 0:
00:08]} 30. Qxc7 {[%emt 0:00:03]} Rg4 {[%emt 0:00:02]} 31. Rf4 {[%emt 0:00:04]}
Rxf4 {[%emt 0:00:03]} 32. Qxf4 {[%emt 0:00:04]} Rg7 {[%emt 0:00:14]} 33. Kf2 {
[%emt 0:00:02]} g5 {[%emt 0:00:02]} 34. Qe5 {[%emt 0:00:03]} g4 {[%emt 0:00:03]
} 35. b3 {[%emt 0:00:03]} Kg8 {[%emt 0:00:02]} 36. Ke3 {[%emt 0:00:01]} Rh7 {
[%emt 0:00:01]} 37. Kf4 {[%emt 0:00:02]} Rg7 {[%emt 0:00:08]} 38. Qf6 {[%emt 0:
00:06]} Kh7 {[%emt 0:00:02]} 39. Ke5 {[%emt 0:00:03]} Rg6 {[%emt 0:00:08]} 40.
Qe7+ {[%emt 0:00:01]} Rg7 {[%emt 0:00:02]} 41. Qh4+ {[%emt 0:00:01]} Kg6 {
[%emt 0:00:02]} 42. Qh8 {[%emt 0:00:05]} Rf7 {[%emt 0:00:04]} 43. h4 {[%emt 0:
00:07]} gxh3 {[%emt 0:00:02]} 44. Qxh3 {[%emt 0:00:01]} Rh7 {[%emt 0:00:01]}
45. Qf1 {[%emt 0:00:01]} Rh2 {[%emt 0:00:03]} 46. Qa6 {[%emt 0:00:04]} Rh7 {
[%emt 0:00:04]} 47. Qc8 {[%emt 0:00:02]} Rf7 {[%emt 0:00:03]} 48. Qg8+ {[%emt
0:00:03]} Rg7 {[%emt 0:00:01]} 49. Qe8+ {[%emt 0:00:01]} Rf7 {[%emt 0:00:01]}
50. Kf4 {[%emt 0:00:02]} Kf6 {[%emt 0:00:02]} 51. Qh8+ {[%emt 0:00:03]} Kg6 {
[%emt 0:00:01]} 52. Qd8 {[%emt 0:00:05]} Rg7 {[%emt 0:00:01]} 53. Qg5+ {[%emt
0:00:02]} Kf7 {[%emt 0:00:01]} 54. Qh5+ {[%emt 0:00:01]} Kg8 {[%emt 0:00:01]}
55. Ke5 {[%emt 0:00:01]} Rh7 {[%emt 0:00:04]} 56. Qg6+ {[%emt 0:00:03]} Rg7 {
[%emt 0:00:01]} 57. Qe8+ {[%emt 0:00:01]} Kh7 {[%emt 0:00:01]} 58. Kf6 {[%emt
0:00:00]} Rxg3 {[%emt 0:00:05]} 59. Qh5+ {[%emt 0:00:05]} Kg8 {[%emt 0:00:01]}
60. Qf7+ {[%emt 0:00:08]} Kh8 {[%emt 0:00:03]} 61. Qxa7 {[%emt 0:00:01]} f4 {
[%emt 0:00:07]} 62. Qxb6 {[%emt 0:00:01]} Kh7 {[%emt 0:00:05]} 63. Qc7+ {[%emt
0:00:01]} Kh8 {[%emt 0:00:05]} 64. Qxf4 {[%emt 0:00:01]} Rf3 {[%emt 0:00:02]}
65. Qxf3 {[%emt 0:00:01]} Bxf3 {[%emt 0:00:00]} 66. Kxe6 {[%emt 0:00:00]} Kg8 {
[%emt 0:00:01]} 67. Ke7 {[%emt 0:00:07]} Bd5 {[%emt 0:00:02]} 68. b4 {[%emt 0:
00:02]} Bxa2 {[%emt 0:00:03]} 69. b5 {[%emt 0:00:00]} Bd5 {[%emt 0:00:01]} 70.
b6 {[%emt 0:00:00]} Bb7 {[%emt 0:00:04]} 71. Kd6 {[%emt 0:00:08]} Kf8 {[%emt 0:
00:00]} 72. Kc7 {[%emt 0:00:01]} Be4 {[%emt 0:00:01]} 73. Kd6 {[%emt 0:00:00]}
Ke8 {[%emt 0:00:01]} 74. d5 {[%emt 0:00:01]} Bxd5 {[%emt 0:00:02]} 75. Kxd5 {
[%emt 0:00:01]} Kd7 {[%emt 0:00:00]} 76. Kc5 {[%emt 0:00:01]} Kc8 {[%emt 0:00:
02]} 77. Kc6 {[%emt 0:00:01]} Kb8 {[%emt 0:00:06]} 78. b7 {[%emt 0:00:01]} Ka7
{[%emt 0:00:01]} 79. Kc7 {[%emt 0:00:01]} Ka6 {[%emt 0:00:01]} 80. b8=Q {[%emt
0:00:01] Itachi resigns} 1-0